Rozpoznaj Kraj po zdjęciu stolicy - Statystyki

Ogólne statystyki
  • Ten quiz został rozwiązany 301 razy
  • Średni wynik to 7 z 20
Statystyki odpowiedzi
Obrazkowy Odpowiedź % Poprawnych
Wielka Brytania
97%
Polska
91%
Niemcy
87%
Chiny
79%
Rosja
79%
Stany Zjednoczone
50%
Włochy
45%
Japonia
39%
Izrael
33%
Hiszpania
23%
Szwecja
16%
Egipt
15%
Indie
13%
Portugalia
12%
Argentyna
10%
Australia
8%
Kanada
5%
Republika Południowej Afryki
4%
Azerbejdżan
2%
Madagaskar
1%
Nie znaleziono quizów pasujących do podanych kryteriów
Rozkład punktacji
Procent ludzi z każdym wynikiem
Percentyl według liczby udzielonych odpowiedzi
Twoja historia wyników
Nie rozwiązałeś tego quizu